LEADER 00943nam a2200193 i 4500 001 000000005923 003 CaOOAMICUS 005 20180830125437.0 008 180830s1837 ne u000 u und u 040 $aSeMil$bita 100 1 $aCapefigue, Jean Baptiste Honoré Raymond,$d<1801-1872>.$0(OLS)http://semarc/name/89258 245 10$aHistoire de la Restauration et des causes qui ont amené la chute de la branche ainée des Bourbons /$cpar un homme d'état [i.e. Capefigue]. 260 $aBruxelles :$bSociété Belge de Librairie,$c1837. 300 $a2 v. ;$c27 cm. 650 4$aEuropa - Storia - Sec. 19.$0(OLS)http://semarc/subject/1859 774 0 $tTome 1.$g1$w()81310 774 0 $tTome 2.$g2$w()257070 996 $6245$aHistoire de la Restauration et des causes qui ont amené la chute de la branche ainée des Bourbons$9(OLS)http://semarc/title/400908 996 $6260$aBruxelles :$bSociété Belge de Librairie$9(OLS)http://semarc/publisher/30903 LEADER 01584nam a2200277 i 4500 001 000000078761 003 CaOOAMICUS 005 20170111000000.0 008 170111n xx u000 u heb u 013 $a50998 040 $aSeMil$bita 100 1 $aLegrain, Marie .$0(OLS)http://semarc/name/91072 240 00$a[Messa e Salmi.$0(OLS)http://semarc/title/402969 240 10$a[Benedictio ; Kyrie ; Gloria in excelsis ; Dominus vobiscum ; Oratio ; Credo ; Praefatio ; Sanctus ; Pater ; Agnus Dei ; Tantum ; Benedictus ; Magnificat ; Nunc Dimittis ; Daniel ; Benedictio Mensae ; Ha-zor'im ; Ave Maria ; Hayom tehila.$0(OLS)http://semarc/title/402971 240 10$aRegina coeli ; Salve Regina ; Antiphonae ; Odeka leolam ; Yismehu ; Hava nashira ; Gilu na ; Mevaser Ani ; Victimae Paschali ; Haec Dies ; Ruah Adonay ; Psaume].$0(OLS)http://semarc/title/402972 245 10$a[Messa :$bparti proprie e Salmi /$cSuor Maroussia NDS. 260 $aGerusalemme :$bEin Kerem,$c196?] 300 $a1 v. :$bpartiture musicali ;$c21 cm. 500 $aIn preliminari : Dedica autografa dell'autrice al card. Martini in data 21 settembre 1980. - Fondo card. C.M. Martini. 650 4$aLiturgia - Canti.$0(OLS)http://semarc/subject/28319 850 $aSeMil 852 $aSeMil$W1$xVenegono$y1$m3Q II 120$j44582$B44582$CSeMilBibl$Z2$F46357 $81 941 1 $a4 961 $aLascito: Martini Card. Carlo Maria 996 $6245$a[Messa :$bparti proprie e Salmi$9(OLS)http://semarc/title/402970 996 $6260$aGerusalemme :$bEin Kerem$9(OLS)http://semarc/publisher/56376